| 000 | 00350nam a2200133Ia 4500 | ||
|---|---|---|---|
| 008 | 231017s9999 xx 000 0 und d | ||
| 082 | _a388.31 | ||
| 082 | _bFHW | ||
| 245 | 0 | _aTechnologies That Enable Congestion Pricing: A Primer | |
| 245 | 0 | _cUS Dept of Transportation | |
| 260 | _bUS Dept of Transportation | ||
| 300 | _c30cm | ||
| 942 | _cREP | ||
| 999 |
_c604325 _d604325 |
||